Construcción de sentidos en el ingreso de niños y niñas migrantes en un distrito escolar del sistema educativo de la Ciudad Autónoma de Buenos Aires / (Registro nro. 17952)
[ vista simple ]
| 000 -CABECERA | |
|---|---|
| Campo de control de longitud fija | 00790nam a22001937a 4500 |
| 003 - IDENTIFICADOR DEL NÚMERO DE CONTROL | |
| Campo de control | AR-BaUME |
| 005 - FECHA Y HORA DE LA ÚLTIMA TRANSACCIÓN | |
| Campo de control | 20260303103344.0 |
| 008 - CÓDIGOS DE INFORMACIÓN DE LONGITUD FIJA | |
| Campo de control de longitud fija | 260226b ||||| |||| 00| 0 spa d |
| 040 ## - FUENTE DE LA CATALOGACIÓN | |
| Centro catalogador de origen | UMET Biblioteca |
| Lengua de catalogación | spa |
| Centro transcriptor | UMET Biblioteca |
| 100 ## - PUNTO DE ACCESO PRINCIPAL - NOMBRE DE PERSONA | |
| Nombre de persona | Avellino, Silvia |
| 9 (RLIN) | 27227 |
| 245 ## - MENCIÓN DE TÍTULO | |
| Título | Construcción de sentidos en el ingreso de niños y niñas migrantes en un distrito escolar del sistema educativo de la Ciudad Autónoma de Buenos Aires / |
| Mención de responsabilidad etc. | Silvia Avellino; profesor Axel Horn, tutora Mariela Canessa |
| 250 ## - MENCIÓN DE EDICIÓN | |
| Mención de edición | 1a ed. |
| 260 ## - PUBLICATION, DISTRIBUTION, ETC. (IMPRINT) | |
| Lugar de publicación distribución etc. | Ciudad Autónoma de Buenos Aires : |
| Nombre del editor distribuidor etc. | UMET, |
| Fecha de publicación distribución etc. | 2022 |
| 300 ## - DESCRIPCIÓN FÍSICA | |
| Extensión | 60 p. : |
| 700 ## - PUNTO DE ACCESO ADICIONAL - NOMBRE DE PERSONA | |
| Nombre de persona | Horn, Axel |
| Término indicativo de función | prof. |
| 9 (RLIN) | 27228 |
| 700 ## - PUNTO DE ACCESO ADICIONAL - NOMBRE DE PERSONA | |
| Nombre de persona | Canessa, Mariela |
| Término indicativo de función | tut. |
| 9 (RLIN) | 27229 |
| 856 ## - LOCALIZACIÓN Y ACCESO ELECTRÓNICOS | |
| Identificador Uniforme del Recurso (URI) | https://forms.gle/VCCnF1qSTTVLWTfp6 |
| Nota pública | Solicitar acceso online |
| 942 ## - ENTRADA PARA ELEMENTOS AGREGADOS (KOHA) | |
| Fuente de clasificación o esquema de ordenación en estanterías | |
| Koha [por defecto] tipo de item | LIBRO |
No hay ítems disponibles.



